Statistics for NHL Logos Map Quiz

Click here to take the quiz!

General Stats

  • This quiz has been taken 477 times
  • The average score is 16 of 29

Answers on the Map

Answers color-coded by a green-red scale on the quiz's map according to % correct below.
 

Answer Stats

Answer% Correct
Canucks
66%
Jets
65%
Flames
62%
Golden Knights
58%
Red Wings
57%
Bruins
57%
Blackhawks
57%
Devils
Rangers
Islanders
57%
Wild
57%
Stars
56%
Avalanche
56%
Kraken
55%
Lightning
54%
Sharks
53%
Penguins
53%
Panthers
52%
Coyotes
52%
Oilers
52%
Canadiens
51%
Blue Jackets
51%
Ducks
Kings
50%
Maple Leafs
50%
Hurricanes
50%
Blues
49%
Capitals
49%
Sabres
49%
Predators
47%
Senators
47%
Flyers
47%

Score Distribution

Percentile by Number Answered

Percent of People with Each Score

Your Score History

You have not taken this quiz